| 000 | | | 05446cbc2a2200000#x 450 |
| 001 | | | c0db54fb-0ad8-48d0-a54d-4e34c9a62dfd |
| 005 | | | 20190301105702.0 |
| 100 | ## | $a | 20140910l18021802k l0rusy0189 ca |
| 101 | 0# | $a | rus |
| 102 | ## | $a | RU |
| 200 | 1# | $a | Дело о построении нового моста у Казанского собора в Петербурге |
| | $j | 1802 г. |
| 251 | ## | $c | Дело |
| 300 | ## | $a | Рукописный текст. Чернила |
| 801 | #0 | $a | RU |
| | $b | РГИА |
| | $c | 20140910 |
| 801 | #1 | $a | RU |
| | $b | ГлавНИВЦ |
| | $c | 20140910 |
| | $2 | rusmarc |
| 801 | #2 | $a | RU |
| | $b | ПБ им. Б.Н. Ельцина |
| | $c | 20170116 |
| | $g | RCR |
| | $2 | rusmarc |
| 850 | ## | $a | Федеральное казенное учреждение "Российский государственный исторический архив" (РГИА) |
| 852 | ## | $a | РГИА |
| | $j | 185 |
| 937 | ## | $h | РГИА |
| | $d | 11420503 |
| | $a | ASBIBLIO_SCAN |
| 462 | #0 | $1 | 00161ae83b5-3a16-4a97-9a9d-47cd7be21f12 |
| | $1 | 2001 |
| | $a | 1802-1810 гг. Дела департамента полиции исполнительной за 1802 г. |
| | $v | Д. 185 |
| | $1 | 251 |
| | $c | Опись |
| | $1 | 852 |
| | $j | 1 |
| 461 | #0 | $1 | 0013e300ed0-cd39-49af-8489-5ba5b90fa401 |
| | $1 | 2001 |
| | $a | Департамент полиции исполнительной МВД |
| | $1 | 251 |
| | $c | Фонд |
| | $1 | 852 |
| | $j | 1286 |
| 215 | ## | $a | 17 листов |
| | $d | 36,5x26 см |
| 371 | ## | $a | Документ не является опубликованным и широко распространяемым |
| 105 | ## | $a | у### |
| 122 | 0# | $a | d1802###### |
| 035 | ## | $a | c0db54fb-0ad8-48d0-a54d-4e34c9a62dfd |
| 856 | ## | $u | http://readingroom.main.prlib.ru/item.aspx?id_node=n94353190&mode=full |
| 605 | ## | $2 | acquisition_Prlib |
| | $3 | DITM\AF\0000004675 |
| | $a | Территория |
| | $l | коллекция |
| 605 | ## | $a | Территория России: Санкт-Петербург, город |
| | $l | коллекция |
| | $2 | acquisition_Prlib |
| | $3 | LIBNET\UAF\0000039016 |
| 605 | ## | $a | Мосты Санкт-Петербурга |
| | $l | коллекция |
| | $2 | acquisition_Prlib |
| | $3 | LIBNET\UAF\0000081307 |
| 606 | 1# | $2 | prlib_sh |
| | $3 | LIBNET\UAF\0000081460 |
| | $a | Мосты |
| | $j | Документы и материалы |
| | $x | Строительство |
| | $y | Санкт-Петербург, город |
| 617 | ## | $2 | prlib_sh |
| | $d | Санкт-Петербург, город |
| 686 | ## | $2 | rubbk |
| | $a | 63.3(2-2СПб)521ю1 |
| | $v | LBC/M |
| 686 | ## | $a | 85.113(2=411.2)52ю1 |
| | $v | LBC/M |
| | $2 | rubbk |
| 607 | ## | $2 | prlib_sh |
| | $3 | LIBNET\UAF\0000023771 |
| | $a | Санкт-Петербург, город |
| | $j | Документы и материалы |
| | $x | Планировка и строительство |
| | $z | 19 в. |